00236nam a22000977a 4500003000400000082001600004100002400020245006000044260002600104300000800130SGT a616.5bH16H aHAMZAVI, IIEFED H.  aHB. OF VITILIGO: BASIC SCIENCE AND CLINICAL MANAGEMENT  aINDIA bJAYPEE c2016 a202